[Event "Chile-ch Absolute 2018-19"]
[Site "Santiago"]
[Date "2019.02.23"]
[Round "5.1"]
[White "Vergara Jofre, Felipe"]
[Black "Gasic Merino, Franco"]
[Result "1/2-1/2"]
[WhiteElo "2265"]
[BlackElo "2189"]
[Annotator "RC"]
[PlyCount "142"]
[EventDate "2019.02.20"]
[EventType "tourn"]
[EventCountry "CHI"]
[SourceTitle "playchess.com"]
[Source "ChessBase"]
[SourceQuality "1"]
[TimeControl "5400+30"]

1. e4 {[%emt 0:00:00]} d5 {[%emt 0:00:00]} 2. exd5 {[%emt 0:00:00]} Nf6 {[%emt 0:00:00]} 3. Nf3 {[%emt 0:00:04]} Qxd5 {[%emt 0:00:00]} 4. d4 {[%emt 0:00:42]} Bg4 {[%emt 0:00:25]} 5. Be2 {[%emt 0:00:08]} Nc6 {[%emt 0:00:32]} 6. c4 {[%emt 0:00:34]} Qd7 {[%emt 0:00:26]} 7. Be3 {[%emt 0:01:45]} e6 {[%emt 0:02:48]} 8. O-O {[%emt 0:03:11]} Be7 {[%emt 0:05:16]} 9. Nbd2 {[%emt 0:16:28]} O-O {[%emt 0:06:50]} 10. Ne5 {[%emt 0:09:19]} Bxe2 {[%emt 0:04:59]} 11. Qxe2 {[%emt 0:00:15]} Qd6 {[%emt 0:06:11]} 12. Ndf3 {[%emt 0:01:55]} Nd7 {[%emt 0:01:32]} 13. Nxd7 {[%emt 0:17:23]} Qxd7 {[%emt 0:00:02]} 14. Rfd1 {[%emt 0:00:16]} Bf6 {[%emt 0:04:37]} 15. Rd2 {[%emt 0:01:49]} Qe7 {[%emt 0:06:00]} 16. Re1 {[%emt 0:06:36]} Rfe8 {[%emt 0:02:17]} 17. Qd1 {[%emt 0:01:14]} Rad8 {[%emt 0:07:51]} 18. a3 {[%emt 0:05:20]} a6 {[%emt 0:03:27]} 19. b4 {[%emt 0:01:48]} Qd7 {[%emt 0:02:43]} 20. h3 {[%emt 0:02:57]} h6 {[%emt 0:02:29]} 21. Qc2 {[%emt 0:05:44]} Ne7 {[%emt 0:05:39]} 22. Bf4 {[%emt 0:03:06]} Ng6 {[%emt 0:09:06]} 23. Bg3 {[%emt 0:01:57]} c6 {[%emt 0:02:58]} 24. Red1 {[%emt 0:03:06]} Qc8 {[%emt 0:01:40]} 25. Qe4 {[%emt 0:04:12]} Rd7 {[%emt 0:02:04]} 26. Qg4 {[%emt 0:01:55]} Qd8 {[%emt 0:08:55]} 27. h4 {[%emt 0:01:12]} Qe7 {[%emt 0:01:32]} 28. h5 {[%emt 0:02:01]} Nf8 {[%emt 0:00:09]} 29. Ne5 {[%emt 0:02:44]} Bxe5 {[%emt 0:02:57]} 30. dxe5 {[%emt 0:00:01]} Rxd2 {[%emt 0:02:08]} 31. Rxd2 {[%emt 0:00:01]} Qg5 {[%emt 0:01:00]} 32. Qd1 {[%emt 0:00:37]} Qf5 {[%emt 0:01:11]} 33. Rd4 {[%emt 0:02:15]} Ra8 {[%emt 0:01:23]} 34. Rf4 {[%emt 0:00:42]} Qg5 {[%emt 0:00:31]} 35. Qf3 {[%emt 0:00:39]} Nd7 {[%emt 0:03:36]} 36. Rxf7 {[%emt 0:02:58]} Rf8 {[%emt 0:00:03]} 37. Rxf8+ {[%emt 0:00:27]} Nxf8 {[%emt 0:00:01]} 38. Qd1 {[%emt 0:01:24]} Qf5 {[%emt 0:00:43]} 39. Qe2 {[%emt 0:01:31]} Qb1+ {[%emt 0:00:57]} 40. Kh2 {[%emt 0:00:01]} Qb3 {[%emt 0:02:05]} 41. Bh4 {[%emt 0:00:59]} Qxa3 {[%emt 0:01:07]} 42. Be7 {[%emt 0:00:01]} Qc3 {[%emt 0:00:33]} 43. Qe4 {[%emt 0:00:57]} Qc1 {[%emt 0:01:07]} 44. Qg4 {[%emt 0:01:05]} Qd2 {[%emt 0:00:49]} 45. Bf6 {[%emt 0:00:20]} Qd7 {[%emt 0:00:11]} 46. f4 {[%emt 0:00:39]} Kh7 {[%emt 0:00:20]} 47. Bh4 {[%emt 0:00:08]} Qf7 {[%emt 0:00:31]} 48. Qf3 {[%emt 0:00:29]} Kg8 {[%emt 0:01:16]} 49. g4 {[%emt 0:00:31]} Qd7 {[%emt 0:00:47]} 50. f5 {[%emt 0:00:47]} Qd2+ {[%emt 0:00:14]} 51. Kh3 {[%emt 0:00:08]} exf5 {[%emt 0:00:47]} 52. gxf5 {[%emt 0:00:12]} Qxb4 {[%emt 0:00:35]} 53. e6 {[%emt 0:00:43]} Nh7 {[%emt 0:00:17]} 54. e7 {[%emt 0:00:57]} Kf7 {[%emt 0:00:01]} 55. Qe3 {[%emt 0:00:29]} Ke8 {[%emt 0:00:08]} 56. Qd3 {[%emt 0:00:14]} Kf7 {[%emt 0:01:13]} 57. Qe3 {[%emt 0:00:07]} Ke8 {[%emt 0:00:24]} 58. Qd3 {[%emt 0:00:01]} Kf7 {[%emt 0:00:01]} 59. Qd7 {[%emt 0:01:44]} Qc3+ {[%emt 0:01:13]} 60. Kg2 {[%emt 0:00:19]} Qc2+ {[%emt 0:00:24]} 61. Kf1 {[%emt 0:00:34]} Qc1+ {[%emt 0:00:21]} 62. Kf2 {[%emt 0:00:44]} Qc2+ {[%emt 0:00:47]} 63. Ke3 {[%emt 0:00:32]} Qc1+ {[%emt 0:00:34]} 64. Kf2 {[%emt 0:00:30]} Qc2+ {[%emt 0:00:30]} 65. Kg3 {[%emt 0:00:26]} Qc3+ {[%emt 0:00:19]} 66. Kg2 {[%emt 0:00:12]} Qc2+ {[%emt 0:00:12]} 67. Kh3 {[%emt 0:00:34]} Qc3+ {[%emt 0:00:18]} 68. Kg2 {[%emt 0:00:46]} Qc2+ {[%emt 0:00:05]} 69. Kg1 {[%emt 0:00:25]} Qc1+ {[%emt 0:00:07]} 70. Kg2 {[%emt 0:00:34]} Qc2+ {[%emt 0:00:06]} 71. Kg3 {[%emt 0:00:33]} Qc3+ {[%emt 0:00:08]} 1/2-1/2

[Event "Chile-ch Absolute 2018-19"]
[Site "Santiago"]
[Date "2019.02.23"]
[Round "5.2"]
[White "Garcia Cardenas, Pablo"]
[Black "Torres Bravo, Cristobal"]
[Result "1-0"]
[WhiteElo "2449"]
[BlackElo "2347"]
[Annotator "TA"]
[PlyCount "138"]
[EventDate "2019.02.20"]
[EventType "tourn"]
[EventCountry "CHI"]
[SourceTitle "playchess.com"]
[Source "ChessBase"]
[SourceQuality "1"]

{[%evp 23,138,66,76,50,35,30,42,46,59,18,61,31,49,49,47,32,39,42,37,41,39,31,38,29,45,12,18,19,18,0,0,0,19,0,0,0,49,54,47,39,56,56,70,70,64,37,37,44,110,110,91,75,61,61,61,61,96,82,105,103,105,68,68,68,112,93,112,45,75,75,112,119,197,197,204,0,151,0,193,190,204,193,206,206,285,270,249,145,232,221,311,311,303,0,310,303,291,290,591,591,584,580,856,804,872,824,1049,496,5177,5089,1936,563,29959,29940,29971,29978,29989]} 1. d4 Nf6 2. c4 e6 3. Nc3 c5 4. d5 exd5 5. cxd5 d6 6. e4 g6 7. f4 Bg7 8. Bb5+ Nfd7 9. Bd3 O-O 10. Nf3 a6 11. a4 Nf6 12. O-O Re8 13. Re1 {A67: Modern Benoni: Taimanov Variation} (13. Bc2 Nbd7 14. Kh1 b6 15. e5 dxe5 16. fxe5 Nxe5 17. Nxe5 Rxe5 18. Bf4 Rh5 19. d6 Be6 20. Qf3 Ra7 {0-1 (38) Lahiri,A (2348)-Deepan Chakkravarthy,J (2488) Bhubaneswar 2010}) 13... Bg4 14. h3 Bxf3 $1 15. Qxf3 {White is slightly better.} ({Of course not} 15. gxf3 Nh5 $17) 15... Nbd7 16. Be3 Qb6 17. Re2 Qb4 18. a5 c4 $146 ({Predecessor:} 18... b5 19. Ra3 Nxe4 20. Nxe4 c4 21. Bb1 Bxb2 22. Ra2 Bg7 23. Bc2 {1-0 (40) Portisch,L-Lutikov,A Moscow 1959}) 19. Ra4 Qxa4 $1 20. Nxa4 cxd3 21. Rd2 Rxe4 22. Nb6 Nxb6 23. Bxb6 Rc8 24. Qxd3 (24. Rxd3 Re1+ 25. Kh2 Rcc1 $17) 24... Rxf4 25. Rc2 Re8 26. Re2 Rc8 $1 27. Rc2 Re8 28. Re2 Rc8 $1 29. Rf2 Rc1+ 30. Kh2 Rxf2 31. Bxf2 Nd7 32. Qb3 Be5+ 33. Bg3 $1 {[%cal Rg3e5] aiming for Bxe5.} Rc7 $1 34. Qb4 Bxg3+ $1 35. Kxg3 $14 {[%mdl 4096] Endgame KQ-KRN} Nc5 (35... Nf6 $14) 36. Qh4 $16 {[%mdl 1024] White has strong compensation.} Rd7 37. Qd4 f5 38. Kf4 Rf7 $1 39. Qc3 g5+ 40. Kf3 Nd7 41. Qc8+ Kg7 42. Kf2 Nf6 43. Qe6 f4 44. Kf3 Kg6 45. b4 (45. h4 $16 gxh4 46. b4 (46. Kxf4 Re7 $14) (46. Qxd6 Rd7 $14)) 45... Rd7 46. h4 {[%mdl 64] And now h5+ would win. Deflection} gxh4 47. Kxf4 Rd8 (47... h6 $16 48. Kf3 Kg7) 48. Qf5+ $18 Kf7 49. Qe6+ Kg6 50. Qf5+ Kf7 $1 51. Kg5 Rg8+ 52. Kxh4 {Black must now prevent Qe6+.} Rg4+ 53. Kh3 {Strongly threatening b5!} Rxb4 54. Qe6+ {[%mdl 64] Double Attack} Kg6 55. Qxd6 Rb5 (55... Rb3+ $16 {was worth a try.} 56. Kh4 h5) 56. Qg3+ Kf5 (56... Kf7 {keeps fighting.} 57. Qc7+ Kg6) 57. Qf3+ Kg6 58. Qg3+ $2 (58. d6 $18) 58... Kh6 $2 {[%mdl 8192]} (58... Kf5 $1 $11 {and Black stays safe.}) 59. Qe3+ $1 Kg6 60. d6 Rh5+ $2 (60... Rd5 {is more resistant.} 61. g4 h6) 61. Kg3 Rg5+ 62. Kf3 Rf5+ 63. Ke2 Rd5 64. Qe6 Kg5 {[#]} 65. Ke1 (65. g4 $142 $1 {[%mdl 512]}) 65... Rd3 (65... Rb5 $142 66. d7 Nxd7 67. Qxd7 Kg6 68. Qe6+ Kg7) 66. Qe5+ Kg6 {[#]} 67. g3 (67. g4 $142 $1 {[%mdl 512]}) 67... h5 68. Ke2 Rb3 {[#]} 69. d7 $1 {[%mdl 512]} Rd3 {Accuracy: White = 62%, Black = 47%.} (69... Nxd7 70. Qe6+) 1-0

[Event "Chile-ch Absolute 2018-19"]
[Site "Santiago"]
[Date "2019.02.23"]
[Round "5.3"]
[White "Olivares Olivares, Claudio"]
[Black "Henriquez Villagra, Cristobal"]
[Result "0-1"]
[WhiteElo "2387"]
[BlackElo "2508"]
[Annotator "TA"]
[PlyCount "76"]
[EventDate "2019.02.20"]
[EventType "tourn"]
[EventCountry "CHI"]
[SourceTitle "playchess.com"]
[Source "ChessBase"]
[SourceQuality "1"]

{[%evp 14,76,25,31,35,26,47,31,44,28,64,61,99,102,239,247,227,233,249,253,274,216,237,216,314,288,264,164,173,168,106,49,58,0,0,0,0,0,0,0,147,145,217,198,200,211,233,245,259,136,135,0,0,0,0,0,0,0,-37,-945,-880,-2968,-2814,-3346,-2921]} 1. e4 c6 2. d4 d5 3. Nc3 dxe4 4. Nxe4 Nf6 5. Nxf6+ exf6 6. c3 Bd6 7. Bd3 O-O 8. Qc2 Re8+ {B15: Caro-Kann: 3 Nc3: 3...g6 and 3...dxe4 4 Nxe4 Nf6 5 Nxf6+ exf6} 9. Ne2 (9. Be3 h6 10. Ne2 Na6 11. O-O Nc7 12. c4 Bg4 13. h3 Bxe2 14. Bxe2 Ne6 15. Rad1 Qc7 16. Bg4 Rad8 17. Rfe1 Bf4 18. Bxf4 Nxf4 19. Rxe8+ Rxe8 {½-½ (58) Svidler,P (2756)-Carlsen,M (2839) Porto Carras 2018}) 9... h5 10. O-O h4 {White is slightly better.} 11. Bf4 h3 $146 ({Predecessor:} 11... Na6 12. h3 Nc7 13. Bxd6 Qxd6 14. Rfe1 Ne6 15. Rad1 Bd7 16. Qd2 {½-½ (49) Handke,F (2536)-Grandelius,N (2655) Porto Carras 2018}) 12. g3 Bxf4 13. Nxf4 g5 {[#]} (13... Na6 $16 {keeps fighting.}) 14. Bc4 $1 $18 {Intending Qg6+ and mate.} f5 15. Nxh3 Kg7 16. f4 g4 17. Ng5 {And now Rae1 would win.} f6 18. Nf7 Qc7 (18... Qd7 $142 19. Rae1 b5) 19. Rae1 Rf8 20. Re3 b5 21. Bb3 a5 {[%cal Ba7a5,Ba5a4][%mdl 32]} 22. Qe2 (22. a4 $16 {Rfe1 is the strong threat.} bxa4 23. Bc4 Rxf7 24. Rfe1 (24. Bxf7 Qxf7 25. Rfe1 Kg6 $16)) 22... Ra7 $1 $14 23. Re8 (23. Ne5 $1 $14) 23... a4 $1 $11 {[%cal Ra4b3]} 24. Re1 Qd7 $1 ({Avoid the trap} 24... axb3 $2 25. Rxf8 Qe7 26. Qxe7 $18) 25. Rxf8 Kxf8 26. Ne5 Qd8 (26... fxe5 $11 27. Qxe5 axb3) 27. Bc2 Kg7 (27... Qe8 $16) 28. Nd3 Na6 29. a3 Rf7 30. Qe8 Qc7 31. Qe3 ({White should play} 31. Bb1 $18 Qd7 32. Qxd7 Rxd7 33. Nf2) 31... c5 $16 32. Nxc5 (32. dxc5 $16 Qc6 33. Qe8) 32... Nxc5 $11 33. dxc5 {[#] Threatens to win with c4.} Qc6 {White must now prevent ...Bb7.} 34. Kf2 Bb7 {[%csl Gb7][%cal Rc6g2]} 35. Rg1 Kf8 $40 {[%mdl 128] aiming for ...Re7. White needs to defend precisely.} 36. Bxf5 $2 {[%mdl 8192]} (36. Bd1 $15) 36... Re7 $19 {Black is clearly winning.} 37. Qd3 Qxc5+ 38. Kf1 Bd5 {Accuracy: White = 44%, Black = 60%.} 0-1

[Event "Chile-ch Absolute 2018-19"]
[Site "Santiago"]
[Date "2019.02.23"]
[Round "5.4"]
[White "Tapia Fuentes, Jaime"]
[Black "Salinas Herrera, Pablo"]
[Result "0-1"]
[WhiteElo "2259"]
[BlackElo "2477"]
[Annotator "TA"]
[PlyCount "34"]
[EventDate "2019.02.20"]
[EventType "tourn"]
[EventCountry "CHI"]
[SourceTitle "playchess.com"]
[Source "ChessBase"]
[SourceQuality "1"]

{[%evp 14,34,-1,1,10,-6,7,0,0,-20,-33,-119,-113,-143,-158,-346,-360,-355,-349,-362,-328,-371,-377]} 1. e4 c5 2. Nf3 e6 3. d4 cxd4 4. Nxd4 a6 5. Bd3 g6 6. b3 {B42: Sicilian: Kan Variation: 5 Bd3} (6. O-O Bg7 7. Be3 Ne7 8. c4 d5 9. cxd5 exd5 10. Nc3 O-O 11. Rc1 dxe4 12. Bxe4 Nbc6 13. Nxc6 Nxc6 14. Nd5 Be6 15. b3 Qh4 16. Rc4 Ne5 17. g3 Qd8 18. Bb6 Qd7 19. Rc7 Qd8 20. Rxb7 Qe8 21. Nc7 Qc8 {1-0 (21) Anand,V (2773)-Alekseev,E (2639) St Petersburg 2018}) 6... Bg7 7. Bb2 Qb6 8. c3 {LiveBook: 3 Games. The position is equal.} Ne7 9. Nd2 Qc7 10. O-O O-O 11. N2f3 $146 ({Predecessor:} 11. f4 d5 12. e5 Nbc6 13. N2f3 Bd7 {½-½ (40) Murtazin,R (2050)-Ambartsumova,K (2307) Kazan 2016}) 11... d5 12. e5 (12. c4 $15) 12... Nd7 $17 {[%cal Bb8d7,Bd7e5,Be5d3][%mdl 32]} 13. c4 Nxe5 14. Rc1 $2 (14. cxd5 $17 Nxd3 15. Qxd3 Nxd5 16. Rac1) 14... Nxd3 $19 15. Qxd3 {[#]} e5 $1 {[%cal Be6e5,Be5e4][%mdl 32]} 16. cxd5 Qd8 17. Ne2 e4 $1 {Precision: White =  9%, Black = 84%.} 0-1

[Event "Chile-ch Absolute 2018-19"]
[Site "Santiago"]
[Date "2019.02.23"]
[Round "5.5"]
[White "Aguirre Contreras, Cristian"]
[Black "Lopez Silva, Hugo"]
[Result "1-0"]
[WhiteElo "2252"]
[BlackElo "2413"]
[Annotator "TA"]
[PlyCount "87"]
[EventDate "2019.02.20"]
[EventType "tourn"]
[EventCountry "CHI"]
[SourceTitle "playchess.com"]
[Source "ChessBase"]
[SourceQuality "1"]

{[%evp 11,87,28,25,20,35,6,21,0,8,0,0,0,0,0,8,0,4,-54,69,67,58,52,87,59,71,14,48,52,70,58,97,114,141,87,92,83,139,173,147,174,200,196,189,147,155,157,169,167,374,352,371,256,290,295,314,102,114,-63,515,510,658,650,739,737,705,327,321,251,248,80,71,59,29980,29981,29995,29996,29997,29998]} 1. d4 Nf6 2. Nf3 c5 3. e3 g6 4. Be2 Bg7 5. O-O cxd4 6. exd4 d5 7. Bf4 {B06: Modern Defence} (7. c3 O-O 8. Bf4 Nc6 9. Nbd2 Bf5 10. a4 a6 11. h3 Ne4 12. Re1 Rc8 13. Bf1 Qb6 14. Qb3 Qxb3 15. Nxb3 h6 16. Bh2 g5 17. a5 {0-1 (58) Shimanov,A (2549)-Nepomniachtchi,I (2730) Warsaw 2011}) 7... O-O 8. h3 Qb6 9. Nc3 {The position is equal.} Nc6 10. Nb5 Ne8 11. Qd2 a6 $146 ({Predecessor:} 11... Be6 12. Rfd1 a6 13. Nc3 Qxb2 14. Rab1 {0-1 (31) Mitkov,N (2528)-Petrosian,T (2616) Chicago 2008}) 12. Nc3 $36 {[%mdl 2048] Black is under pressure.} Nf6 13. Na4 Qa7 14. c4 (14. Qe3 $11) 14... Be6 ({Black should try} 14... dxc4 $15 15. d5 e5) 15. c5 $14 Nd7 $1 16. Rac1 Rfe8 17. Rfd1 f6 18. Nh2 (18. b4 $16) 18... Bf7 19. Ng4 g5 20. Bh2 f5 21. Ne5 $1 {[%cal Re5d7]} Ncxe5 22. dxe5 (22. Bxe5 $142 Nxe5 23. dxe5) 22... f4 $16 23. h4 Nxe5 (23... Bxe5 $142 24. hxg5 Qb8) 24. hxg5 Ng6 25. Bxf4 e5 26. Bg3 Rad8 27. Bf3 e4 {[#]} 28. Bh5 $1 d4 {[#]} 29. Nb6 $1 Bxa2 $2 (29... d3 {was worth a try.} 30. b4 Be5 31. Bxe5 Rxe5) 30. Bc7 $18 Bf7 31. b4 Be5 32. Bxd8 Rxd8 33. g3 $2 (33. Qe1 $18 {and White stays clearly on top.}) 33... Qb8 $16 34. Nc4 $2 (34. Kh2 $16) 34... e3 $2 {[%mdl 8192] [#]} (34... Bxg3 $1 $15 {stays ahead.} 35. fxg3 Qxg3+ 36. Qg2 Qxg2+ 37. Kxg2 Nf4+ {[%mdl 64] Double Attack, Discovered Attack} 38. Kg3 Nxh5+ 39. Kg4 Ng7) 35. Nxe3 $1 $18 {[%mdl 64] Pin} Bb3 (35... dxe3 36. Qxd8+) 36. Ng4 Bxd1 37. Rxd1 d3 38. Nxe5 (38. Bxg6 $142 hxg6 39. Qe1) 38... Qxe5 39. Re1 Qd5 40. Bxg6 $2 (40. f4 $18 {has better winning chances.}) 40... hxg6 $16 41. Re7 {c6! is the strong threat.} Qf3 $2 {[%mdl 8192]} (41... Rd7 $14 42. Re8+ Kf7) 42. Qc3 {[%csl Ge7][%cal Rc3g7] White mates.} Qf8 43. Qc4+ Kh8 44. Qh4+ {Accuracy: White = 38%, Black = 34%.} 1-0

[Event "Chile-ch Absolute 2018-19"]
[Site "Santiago"]
[Date "2019.02.23"]
[Round "5.6"]
[White "Cuevas Araya, Walter"]
[Black "Abarca Gonzalez, Nicolas"]
[Result "1-0"]
[WhiteElo "2187"]
[BlackElo "2418"]
[Annotator "TA"]
[PlyCount "37"]
[EventDate "2019.02.20"]
[EventType "tourn"]
[EventCountry "CHI"]
[SourceTitle "playchess.com"]
[Source "ChessBase"]
[SourceQuality "1"]

{[%evp 11,37,24,25,4,0,8,34,-92,-78,-83,-93,-295,-284,-293,-289,-281,-289,-282,770,733,718,770,1289,1290,1279,1261,1180,1176]} 1. e4 c6 2. d4 d5 3. f3 dxe4 4. fxe4 e5 5. Nf3 Bg4 6. Bc4 Nd7 7. O-O {And now Bxf7+! would win. B12: Caro-Kann: Advance Variation} Ngf6 8. c3 {Black must now prevent Qb3.} b5 (8... Qc7 9. Qb3 O-O-O 10. Nbd2 Bd6 11. h3 Bh5 12. Ng5 Rhf8 13. Nxf7 Bxf7 14. Bxf7 exd4 15. cxd4 {½-½ (38) Gagunashvili,M (2588)-Paichadze,L (2554) Tbilisi 2017}) 9. Bxf7+ (9. Bd3 $14 {keeps the upper hand.}) 9... Kxf7 $17 10. Qb3+ Ke8 11. Nxe5 $2 (11. Nbd2 $17 Qe7 12. a4) 11... Nxe5 $19 12. dxe5 Bc5+ 13. Kh1 Qd3 {[%cal Rd3f1]} 14. Nd2 {[#]} Nxe4 $146 {[%mdl 8192]} (14... Nd5 $1 $19 {[%mdl 512]} 15. exd5 Rf8) ({Predecessor:} 14... Nh5) 15. Qf7+ $18 {[%mdl 64] Double Attack. White is clearly winning.} Kd8 {[#]} 16. Nxe4 $1 Qxe4 17. Qb7 {Intending Bg5+ and mate.} h6 18. Qxa8+ Bc8 19. Qb8 1-0

[Event "Chile-ch Absolute 2018-19"]
[Site "Santiago"]
[Date "2019.02.24"]
[Round "6.1"]
[White "Gasic Merino, Franco"]
[Black "Abarca Gonzalez, Nicolas"]
[Result "1-0"]
[WhiteElo "2189"]
[BlackElo "2418"]
[Annotator "TA"]
[PlyCount "133"]
[EventDate "2019.02.20"]
[EventType "tourn"]
[EventCountry "CHI"]
[SourceTitle "playchess.com"]
[Source "ChessBase"]
[SourceQuality "1"]

{[%evp 9,133,17,5,26,72,60,70,62,102,103,108,74,112,0,0,0,0,0,7,6,25,26,14,29,8,14,9,-67,-59,-73,-39,-84,-69,-92,-28,-22,-4,-13,-11,-18,-12,-31,-17,-23,4,2,4,6,4,2,0,0,2,0,12,12,11,7,8,0,0,0,4,1,10,12,20,16,55,52,42,10,107,116,131,30,35,38,31,43,88,96,210,210,195,195,212,212,213,224,204,209,490,453,439,368,431,389,402,31,28,27,724,701,573,521,2387,1556,2197,2102,2102,1556,1949,2155,29980,29981,29981,29982,29980,29983,29983,29984,29989,29990,29990,29991]} 1. d4 Nf6 2. g3 c5 3. d5 b5 4. f3 (4. c4 bxc4 5. Nc3 d6 6. Nf3 g6 7. Nd2 Bg7 8. Nxc4 O-O 9. Bg2 Ba6 10. Qa4 Qd7 11. Qxd7 Nbxd7 12. Na5 {1-0 (30) Stupak,K (2562)-Fedorov,A (2576) Minsk 2017}) 4... e6 $146 ({Predecessor:} 4... d6 5. Nh3 g6 6. e4 a6 7. a4 b4 8. a5 Bg7 9. Bg2 O-O 10. O-O Bb7 11. Nf4 Re8 {1-0 (34) Gasic Merino,F (2130)-Garmendia Vega,G (2062) Quilpue 2018}) 5. e4 exd5 6. e5 {A45: Trompowsky Attack} Qe7 7. Qe2 Ng8 $1 8. Nc3 {[%mdl 64] Double Attack. White is slightly better.} Qe6 9. Bh3 Qc6 10. Nxb5 Na6 11. Nd6+ ({Better is} 11. Bf4 $16) 11... Bxd6 $11 12. exd6+ Kf8 13. Bf4 d4 14. Bf5 Rb8 15. Kf2 Nb4 16. c4 ({Much worse is} 16. Re1 Ba6 $17) 16... dxc3 $1 17. bxc3 ({Wrong is} 17. Re1 $2 Ba6 $19) 17... Nd5 18. Be4 (18. Nh3 $11) 18... Nxf4 $15 19. Qd2 Nd5 20. Bxd5 Qxd6 21. Rd1 Ne7 (21... Nf6 $1 $17) 22. Bb3 $1 $11 Qxd2+ 23. Rxd2 g6 24. Ne2 Kg7 25. Re1 Rd8 26. Nf4 Kf8 27. Nd3 Rb5 28. Ne5 {Threatens to win with Bc4.} d5 29. c4 Rb6 {next ...f6 is good for Black.} 30. cxd5 Rbd6 31. Nd3 Nxd5 32. Nxc5 {Black must now prevent Red1.} Nb4 33. Rxd6 Rxd6 34. Re2 Rc6 35. Ne4 Nd3+ 36. Ke3 Nc1 37. Bd5 Rc7 38. Rd2 Ba6 39. g4 h6 40. h4 Ke7 (40... f5 $11 {remains equal.}) 41. g5 $1 $16 {[%cal Rg5h6]} h5 42. Nf6 (42. Rd4 $16) 42... Rc3+ $11 43. Kd4 Rd3+ $1 44. Rxd3 Nxd3 $14 {[%mdl 4096] Endgame KBN-KBN} 45. Be4 $1 {[%cal Re4d3]} Nc1 (45... Nf2 $16) 46. Nd5+ $18 Kd6 {[#]} 47. Nc3 $1 Bc8 48. Nb5+ Ke7 49. Nxa7 Bd7 50. Bd5 Ne2+ $2 (50... f6 {might work better.} 51. f4 Ne2+ 52. Ke3 Nc3) 51. Ke5 Nc3 52. Bc4 Nd1 53. Bb5 Ne3 54. Bxd7 $2 (54. Nc6+ $18 Bxc6 55. Bxc6) 54... Kxd7 {KN-KN} 55. Kf6 Ke8 $2 {[%mdl 8192]} (55... Nf5 $11) 56. Nc8 Nf5 {[#]} 57. f4 $1 Kd7 58. Kxf7 Nxh4 59. Ne7 Ng2 60. Nxg6 h4 61. Nxh4 {[%mdl 64] Clearance} Nxh4 {KN-K3P} 62. g6 {White mates.} Nf5 63. g7 Nh6+ 64. Kf8 Ke6 65. a4 {[%cal Ba2a4,Ba4a5,Ba5a6][%mdl 32]} Kf5 66. a5 Kxf4 67. a6 {Accuracy: White = 67%, Black = 34%.} 1-0

[Event "Chile-ch Absolute 2018-19"]
[Site "Santiago"]
[Date "2019.02.24"]
[Round "6.2"]
[White "Lopez Silva, Hugo"]
[Black "Cuevas Araya, Walter"]
[Result "1-0"]
[WhiteElo "2413"]
[BlackElo "2187"]
[Annotator "TA"]
[PlyCount "73"]
[EventDate "2019.02.20"]
[EventType "tourn"]
[EventCountry "CHI"]
[SourceTitle "playchess.com"]
[Source "ChessBase"]
[SourceQuality "1"]

{[%evp 25,73,32,79,56,65,36,53,46,136,129,150,147,160,145,187,183,264,232,361,339,525,530,657,644,644,537,526,530,510,507,876,858,994,650,664,672,656,638,684,680,787,787,850,850,900,883,950,941,870,787]} 1. e4 c5 2. Nf3 Nc6 3. d4 cxd4 4. Nxd4 g6 5. c4 Bg7 6. Be3 Nf6 7. Nc3 Ng4 8. Qxg4 Nxd4 9. Qd1 Ne6 10. Rc1 Qa5 11. Qd2 b6 12. Bd3 Bb7 13. O-O g5 14. a3 {B39: Sicilian: Maroczy Bind with 5...Bg7 and 7...Ng4} h5 {[#]} 15. Rfe1 $146 ({Predecessor:} 15. b4 Qxa3 16. Nd5 Qb2 17. Rc2 Qe5 18. Ra2 h4 19. h3 Rg8 20. Rd1 Bh8 21. Be2 Bc6 {1-0 (72) Anand,V (2765)-Ljubojevic,L (2570) Monte Carlo 1997}) 15... h4 16. h3 {White is slightly better.} Qe5 (16... Be5 $14) 17. b4 Rg8 18. Nd5 Bh8 {[#]} 19. Be2 $1 Rc8 20. Bg4 d6 (20... Qb8 {was necessary.} 21. a4 Be5) 21. a4 $18 Bc6 (21... Kf8 {might work better.} 22. a5 Qb2) 22. a5 bxa5 (22... Rb8 {was called for.} 23. axb6 axb6 24. Bxb6 Kf8) 23. b5 {White is clearly winning.} Bd7 24. Qxa5 Nc5 25. Qxa7 Bxg4 26. hxg4 Kf8 27. b6 Kg7 (27... Bf6 $142 28. Nxf6 exf6) 28. Nxe7 Ra8 29. Qc7 Ne6 {[#]} 30. Qxd6 $1 {[%mdl 576] Deflection, Decoy} Qxd6 31. Nf5+ {[%mdl 64] Double Attack} Kg6 32. Nxd6 Be5 33. Nf5 Kf6 34. c5 Ra4 35. c6 Rb4 36. c7 Rc8 37. Rb1 {Accuracy: White = 93%, Black = 25%.} 1-0

[Event "Chile-ch Absolute 2018-19"]
[Site "Santiago"]
[Date "2019.02.24"]
[Round "6.3"]
[White "Salinas Herrera, Pablo"]
[Black "Aguirre Contreras, Cristian"]
[Result "1-0"]
[WhiteElo "2477"]
[BlackElo "2252"]
[Annotator "TA"]
[PlyCount "43"]
[EventDate "2019.02.20"]
[EventType "tourn"]
[EventCountry "CHI"]
[SourceTitle "playchess.com"]
[Source "ChessBase"]
[SourceQuality "1"]

{[%evp 11,43,6,20,0,23,27,32,17,29,35,35,35,279,276,279,277,277,277,277,275,265,265,313,311,302,269,282,272,312,313,362,362,466,471]} 1. Nf3 Nf6 2. c4 e6 3. b3 d5 4. Bb2 Be7 5. e3 O-O 6. Nc3 b6 7. cxd5 {A13: English Opening: 1...e6} Nxd5 8. Nxd5 Qxd5 (8... exd5 9. d4 a5 10. Bd3 Ba6 11. O-O Nd7 12. Rc1 Bd6 13. Ne5 Nf6 14. Nc6 Qc8 {½-½ (32) Nakamura,H (2746)-Karjakin,S (2753) Kolkata 2018}) 9. Qc2 {White is slightly better.} Ba6 10. Qxc7 Bxf1 11. Qxe7 $40 {[%mdl 128] White attacks.} Bxg2 $2 {[#]} (11... Nc6 $14 12. Qg5 Qxg5 13. Nxg5 Bd3) 12. Rg1 $1 $18 {[%cal Rg1g2]} Qxf3 {[#]} 13. Bxg7 $1 {[%csl Gg7][%cal Re7f8][%mdl 512]} Nc6 $146 (13... Kxg7 14. Qg5+) ({Predecessor:} 13... Kxg7 14. Qg5+ Kh8 15. Rxg2 Qxg2 16. Qxg2 Na6 17. Ke2 Nc7 18. Qg3 Nd5 19. Rg1 Rg8 20. Qe5+ f6 21. Rxg8+ {1-0 (21) Simon,R (2280)-Federau,J (2230) Germany 1988}) 14. Qg5 {[%csl Gg5][%cal Rg7f6]} f6 15. Qxg2 Qxg2 16. Rxg2 Rfc8 17. Bxf6+ Kf7 18. Bc3 Rg8 19. Rg3 b5 20. Ke2 b4 21. Bb2 Ne7 22. Rh3 1-0